Bilderquiz: Tennisspieler - Statistiken

Allgemein
  • Dieses Quiz wurde 90 mal gespielt
  • Das Durchschnittsergebnis liegt bei 12 aus 16
Antwortstatistiken
Bildquiz Antwort % Korrekt
Boris Becker
98%
Alexander Zverev
93%
Rafael Nadal
93%
Roger Federer
93%
Steffi Graf
91%
Novak Djokovic
86%
Serena Williams
86%
Carlos Alcaraz
83%
Andre Agassi
79%
Venus Williams
70%
Angelique Kerber
69%
Naomi Osaka
54%
Michael Stich
46%
Andrea Petkovic
45%
Tommy Haas
38%
Ana Ivanovic
29%
Keine übereinstimmenden Quizze gefunden
Verteilung der Resultate
Anzahl Personen mit jedem Resultat
Perzentil nach korrekt beantworteten Fragen
Ihre Resultats-Entwicklung
Sie haben dieses Quiz noch nicht gespielt